Hello! Project members (Oct. 2024) - Statistics

General Stats
  • This quiz has been taken 10 times
  • The average score is 49 of 73
Answer Stats
Group Answer % Correct
Juice=Juice Dambara Ruru
100%
Morning Musume. '24 Haga Akane
100%
Morning Musume. '24 Ikuta Erina
100%
Juice=Juice Inoue Rei
100%
Morning Musume. '24 Ishida Ayumi
100%
Morning Musume. '24 Makino Maria
100%
Morning Musume. '24 Nonaka Miki
100%
Morning Musume. '24 Oda Sakura
100%
Morning Musume. '24 Okamura Homare
100%
Morning Musume. '24 Sakurai Rio
100%
Morning Musume. '24 Yamazaki Mei
100%
Morning Musume. '24 Yokoyama Reina
100%
Tsubaki Factory Fukuda Marine
89%
Morning Musume. '24 Inoue Haruka
89%
ANGERME Ise Layla
89%
ANGERME Kamikokuryo Moe
89%
Morning Musume. '24 Kitagawa Rio
89%
BEYOOOOONDS Kiyono Momohime
89%
Juice=Juice Kudo Yume
89%
Juice=Juice Matsunaga Riai
89%
Morning Musume. '24 Yumigeta Ako
89%
Tsubaki Factory Akiyama Mao
78%
Juice=Juice Ebata Kisaki
78%
BEYOOOOONDS Eguchi Saya
78%
Juice=Juice Endo Akari
78%
ANGERME Goto Hana
78%
ANGERME Hashisako Rin
78%
BEYOOOOONDS Hirai Miyo
78%
ANGERME Hirayama Yuki
78%
Juice=Juice Ishiyama Sakura
78%
ANGERME Kawamura Ayano
78%
ANGERME Kawana Rin
78%
Juice=Juice Kawashima Mifu
78%
BEYOOOOONDS Maeda Kokoro
78%
BEYOOOOONDS Nishida Shiori
78%
Tsubaki Factory Onoda Saori
78%
Tsubaki Factory Ono Mizuho
78%
Tsubaki Factory Tanimoto Ami
78%
Tsubaki Factory Yofu Runo
78%
OCHA NORMA Yonemura Kirara
78%
Juice=Juice Arisawa Ichika
67%
Juice=Juice Irie Risa
67%
Tsubaki Factory Kasai Yuumi
67%
BEYOOOOONDS Kobayashi Honoka
67%
ANGERME Matsumoto Wakana
67%
BEYOOOOONDS Okamura Minami
67%
BEYOOOOONDS Shimakura Rika
67%
BEYOOOOONDS Takase Kurumi
67%
ANGERME Tamenaga Shion
67%
Tsubaki Factory Yagi Shiori
67%
Tsubaki Factory Doi Fuka
56%
Rosy Chronicle Matsubara Yulia
56%
Tsubaki Factory Ishii Mihane
44%
OCHA NORMA Kitahara Momo
44%
BEYOOOOONDS Satoyoshi Utano
44%
ANGERME Shimoitani Yukiho
44%
OCHA NORMA Tashiro Sumire
44%
Rosy Chronicle Uemura Hasumi
44%
Rosy Chronicle Hashida Honoka
33%
OCHA NORMA Hiromoto Ruli
33%
OCHA NORMA Ishiguri Kanami
33%
Rosy Chronicle Kamimura Rena
33%
Rosy Chronicle Onoda Karin
33%
OCHA NORMA Saito Madoka
33%
Rosy Chronicle Soma Yume
33%
OCHA NORMA Tsutsui Roko
33%
Rosy Chronicle Yoshida Hinoha
33%
OCHA NORMA Kubota Nanami
22%
Tsubaki Factory Murata Yuu
22%
OCHA NORMA Nakayama Natsume
22%
OCHA NORMA Nishizaki Miku
22%
Rosy Chronicle Shimakawa Hana
22%
Rosy Chronicle Murakoshi Ayana
11%
No matching quizzes found
Score Distribution
Percent of People with Each Score
Percentile by Number Answered
Your Score History
You have not taken this quiz